[Event "AUTO-OPEN-107"]
[Site "http://www.queenalice.com/game.php?id=19595"]
[Date "2005.7.14"]
[Round "1"]
[White "Chesspjn"]
[Black "Be0wulf"]
[Result "0-1"]
[WhiteElo "1557"]
[BlackElo "1844"]

1. e4 Nf6 2. e5 Nd5 3. c4 Nb6 4. d4 Nc6 5. c5 Nd5 6. Bc4 e6 7. Nf3 d6 8. cxd6
cxd6 9. O-O dxe5 10. dxe5 Be7 11. Nbd2 Bc5 12. Ne4 Bb6 13. Nd6+ Kf8 14. Bxd5
exd5 15. Ng5 Nxe5 16. Qxd5 Qe7 17. Bf4 f6 18. Rae1 fxg5 19. Rxe5 gxf4 0-1

[Event "AUTO-OPEN-107"]
[Site "http://www.queenalice.com/game.php?id=19596"]
[Date "2005.7.14"]
[Round "1"]
[White "Be0wulf"]
[Black "Chesspjn"]
[Result "1-0"]
[WhiteElo "1849"]
[BlackElo "1553"]

1. e4 c6 2. d4 d5 3. Nd2 dxe4 4. Nxe4 Bf5 5. Ng3 Bg6 6. f4 e6 7. Nf3 Bd6 8. Bd3
Ne7 9. O-O Nd7 10. Ne5 Bxd3 11. Qxd3 O-O 12. a3 Qc7 13. Bd2 Rfd8 14. Qe2 Nf6 15.
Rad1 c5 16. c3 cxd4 17. cxd4 Rac8 18. f5 Nxf5 19. Nxf5 exf5 20. Rxf5 1-0

[Event "AUTO-OPEN-107"]
[Site "http://www.queenalice.com/game.php?id=19597"]
[Date "2005.7.14"]
[Round "1"]
[White "Chesspjn"]
[Black "andi_g"]
[Result "0-1"]
[WhiteElo "1712"]
[BlackElo "1484"]

1. e4 e6 2. d4 h5 3. Nf3 Nh6 4. Nc3 d5 5. e5 Bb4 6. Bd3 c5 7. O-O Nf5 8. Bxf5
exf5 9. Bg5 f6 10. exf6 gxf6 11. Re1+ Kf7 12. Bd2 Nc6 0-1

[Event "AUTO-OPEN-107"]
[Site "http://www.queenalice.com/game.php?id=19598"]
[Date "2005.7.14"]
[Round "1"]
[White "andi_g"]
[Black "Chesspjn"]
[Result "1-0"]
[WhiteElo "1456"]
[BlackElo "1755"]

1. b3 e5 2. Bb2 d6 3. a4 Nf6 4. d4 Nbd7 5. Nc3 c6 6. d5 Nxd5 7. Nxd5 cxd5 8.
Qxd5 Be7 9. e3 O-O 10. Bb5 Nf6 11. Qd3 a6 12. Bc4 1-0

[Event "AUTO-INT-27"]
[Site "http://www.queenalice.com/game.php?id=19912"]
[Date "2005.7.16"]
[Round "1"]
[White "OharaLiChung"]
[Black "Chesspjn"]
[Result "1-0"]
[WhiteElo "1347"]
[BlackElo "1549"]

1. Nf3 Nf6 2. d4 d5 3. Ne5 Bf5 4. Bf4 Nbd7 5. e3 e6 6. Be2 Nxe5 7. dxe5 Nd7 8.
Nc3 Bb4 9. Bb5 c6 10. Bd3 Bxc3+ 11. bxc3 Qa5 12. Qd2 Nc5 13. Bxf5 exf5 14. O-O
g5 15. Bxg5 Ne4 16. Qd3 Nxg5 17. Qxf5 Ne6 18. Qf6 O-O 19. h4 Qxc3 20. g4 Qxc2
21. h5 Qe4 22. Qf5 Qxf5 23. gxf5 Ng7 24. f6 Nxh5 25. Kh2 Kh8 26. f4 d4 27. exd4
Rad8 28. Rad1 1-0

[Event "AUTO-INT-27"]
[Site "http://www.queenalice.com/game.php?id=19913"]
[Date "2005.7.16"]
[Round "1"]
[White "Chesspjn"]
[Black "OharaLiChung"]
[Result "1-0"]
[WhiteElo "1647"]
[BlackElo "1244"]

1. e4 d5 2. exd5 Qxd5 3. Nc3 Qd8 4. d4 Nf6 5. Nf3 Nbd7 6. Bg5 h6 7. Bf4 Nh5 8.
Be3 c5 9. Bb5 e6 10. Ne5 Qe7 11. Qxh5 Kd8 12. Nxf7+ Kc7 13. Bf4+ e5 14. Nd5+ 1-0

[Event "AUTO-INT-27"]
[Site "http://www.queenalice.com/game.php?id=19928"]
[Date "2005.7.16"]
[Round "1"]
[White "Chesspjn"]
[Black "arliones"]
[Result "1-0"]
[WhiteElo "1716"]
[BlackElo "1153"]

1. e4 Nf6 2. e5 Nd5 3. c4 Nb4 4. d4 d6 5. Qa4+ N8c6 6. d5 Bd7 7. dxc6 Bxc6 8.
Qxb4 dxe5 9. Qa5 e4 10. Bf4 Rc8 11. Nc3 e6 12. Rd1 Bd6 13. c5 Qf6 14. Bxd6 cxd6
15. cxd6 O-O 16. Nh3 b6 17. Qg5 Qxg5 18. Nxg5 h6 19. Ngxe4 f5 20. Ng3 Rcd8 21.
Bc4 Rfe8 22. Nxf5 Bxg2 23. Rg1 Bd5 24. Nxg7 Bf3 25. Nxe8+ Kf8 26. Bxe6 Rxd6 27.
Rxd6 Ke7 28. Rg7+ Kxe8 29. Rdd7 Kf8 30. Rg8# 1-0

[Event "AUTO-INT-27"]
[Site "http://www.queenalice.com/game.php?id=19929"]
[Date "2005.7.16"]
[Round "1"]
[White "arliones"]
[Black "Chesspjn"]
[Result "0-1"]
[WhiteElo "1153"]
[BlackElo "1716"]

1. e4 c6 2. d4 d5 3. Nc3 dxe4 4. Nxe4 Bf5 5. Bd3 e6 6. Nf3 Nd7 7. O-O Bxe4 8.
Bxe4 Ngf6 9. Re1 Nxe4 10. Rxe4 Bd6 11. Bf4 Nf6 12. Bxd6 Nxe4 13. Be5 O-O 14. Qd3
Ng5 15. Nxg5 Qxg5 16. f4 Qf5 17. Qg3 f6 18. Bd6 Rfd8 19. Be7 Rxd4 20. Re1 Re8
21. c3 Rd3 22. Re3 Rxe3 23. Qxe3 Qb1+ 24. Kf2 Qxb2+ 25. Kg3 Rxe7 26. Qxa7 e5 27.
Qa8+ Kf7 28. Qh8 exf4+ 29. Kxf4 Qf2+ 30. Kg4 Re4+ 31. Kh5 Qh4# 0-1

[Event "AUTO-INT-27"]
[Site "http://www.queenalice.com/game.php?id=45221"]
[Date "2005.12.25"]
[Round "2"]
[White "lostone"]
[Black "Chesspjn"]
[Result "1-0"]
[WhiteElo "1687"]
[BlackElo "1472"]

1. e4 e5 2. Nf3 Nc6 3. Bb5 a6 4. Bxc6 dxc6 5. Nxe5 Qd4 6. Nd3 Qxe4+ 7. Kf1 Nf6
8. Nc3 Qd4 9. Qe2+ Be7 10. b3 Be6 11. Bb2 O-O-O 12. Na4 Qh4 13. Ne5 1-0

[Event "AUTO-OPEN-105"]
[Site "http://www.queenalice.com/game.php?id=47771"]
[Date "2006.1.13"]
[Round "2"]
[White "modestyblase"]
[Black "Chesspjn"]
[Result "1-0"]
[WhiteElo "1970"]
[BlackElo "1465"]

1. d4 Nf6 2. c4 g6 3. Nc3 Bg7 4. e4 d6 5. f4 O-O 6. Be2 c5 7. d5 e6 8. Nf3 exd5
9. exd5 Bf5 10. O-O Re8 11. Nd2 1-0

[Event "AUTO-OPEN-105"]
[Site "http://www.queenalice.com/game.php?id=47772"]
[Date "2006.1.13"]
[Round "2"]
[White "Chesspjn"]
[Black "modestyblase"]
[Result "0-1"]
[WhiteElo "1463"]
[BlackElo "1976"]

1. e4 c5 2. c3 d5 3. exd5 Qxd5 4. d4 e6 5. Nf3 Nf6 6. Be3 cxd4 7. cxd4 Nc6 8.
Nc3 Bb4 9. Qc2 O-O 10. Be2 e5 11. O-O Bxc3 0-1